Nursing law and ethics / (Record no. 545)
[ view plain ]
| 000 -LEADER | |
|---|---|
| fixed length control field | 01153cam a2200289 a 4500 |
| 001 - CONTROL NUMBER | |
| control field | 14786966 |
| 005 - DATE AND TIME OF LATEST TRANSACTION | |
| control field | 20241101195417.0 |
| 008 - FIXED-LENGTH DATA ELEMENTS--GENERAL INFORMATION | |
| fixed length control field | 070327s2007 enk b 001 0 eng |
| 020 ## - INTERNATIONAL STANDARD BOOK NUMBER | |
| International Standard Book Number | 9781405132282 (pbk. : alk. paper) |
| 020 ## - INTERNATIONAL STANDARD BOOK NUMBER | |
| International Standard Book Number | 1405132280 (pbk. : alk. paper) |
| 050 00 - LIBRARY OF CONGRESS CALL NUMBER | |
| Classification number | KD2968.N8 |
| Item number | N87 2007 |
| 082 00 - DEWEY DECIMAL CLASSIFICATION NUMBER | |
| Classification number | 344.4104/14 |
| Edition information | 22 |
| 245 00 - TITLE STATEMENT | |
| Title | Nursing law and ethics / |
| Statement of responsibility, etc. | edited by John Tingle and Alan Cribb. |
| 250 ## - EDITION STATEMENT | |
| Edition statement | 3rd ed. |
| 260 ## - PUBLICATION, DISTRIBUTION, ETC. | |
| Place of publication, distribution, etc. | Oxford ; |
| -- | Malden, MA : |
| Name of publisher, distributor, etc. | Blackwell Pub., |
| Date of publication, distribution, etc. | 2007. |
| 300 ## - PHYSICAL DESCRIPTION | |
| Extent | xiv, 341 p. ; |
| Dimensions | 24 cm. |
| Other physical details | Index |
| 650 #0 - SUBJECT ADDED ENTRY--TOPICAL TERM | |
| Topical term or geographic name entry element | Nursing |
| General subdivision | Law and legislation |
| Geographic subdivision | Great Britain. |
| 650 #0 - SUBJECT ADDED ENTRY--TOPICAL TERM | |
| Topical term or geographic name entry element | Nursing ethics |
| Geographic subdivision | Great Britain. |
| 650 12 - SUBJECT ADDED ENTRY--TOPICAL TERM | |
| Topical term or geographic name entry element | Ethics, Nursing |
| Geographic subdivision | Great Britain. |
| 650 12 - SUBJECT ADDED ENTRY--TOPICAL TERM | |
| Topical term or geographic name entry element | Legislation, Nursing |
| Geographic subdivision | Great Britain. |
| 700 1# - ADDED ENTRY--PERSONAL NAME | |
| Personal name | Tingle, John. |
| 700 1# - ADDED ENTRY--PERSONAL NAME | |
| Personal name | Cribb, Alan. |
| 856 41 - ELECTRONIC LOCATION AND ACCESS | |
| Materials specified | Table of contents only |
| Uniform Resource Identifier | <a href="http://www.loc.gov/catdir/toc/ecip0714/2007012913.html">http://www.loc.gov/catdir/toc/ecip0714/2007012913.html</a> |
| 856 42 - ELECTRONIC LOCATION AND ACCESS | |
| Materials specified | Contributor biographical information |
| Uniform Resource Identifier | <a href="http://www.loc.gov/catdir/enhancements/fy0826/2007012913-b.html">http://www.loc.gov/catdir/enhancements/fy0826/2007012913-b.html</a> |
| 856 42 - ELECTRONIC LOCATION AND ACCESS | |
| Materials specified | Publisher description |
| Uniform Resource Identifier | <a href="http://www.loc.gov/catdir/enhancements/fy0826/2007012913-d.html">http://www.loc.gov/catdir/enhancements/fy0826/2007012913-d.html</a> |
| 942 ## - ADDED ENTRY ELEMENTS (KOHA) | |
| Source of classification or shelving scheme | Library of Congress Classification |
| Koha item type | Books |
| Edition | Third ed. |
| Suppress in OPAC | No |
| 999 ## - | |
| -- | 545 |
| -- | 545 |
| Withdrawn status | Lost status | Source of classification or shelving scheme | Damaged status | Not for loan | Collection | Home library | Current library | Shelving location | Date acquired | Total checkouts | Full call number | Barcode | Date last seen | Copy number | Price effective from | Koha item type |
|---|---|---|---|---|---|---|---|---|---|---|---|---|---|---|---|---|
| Library of Congress Classification | Non-fiction | Law Library (Christ Temple) | Law Library (Christ Temple) | General stacks | 02/17/2025 | KD2968.N8N87 NUR | LLCT00000421 | 02/17/2025 | 4 | 02/17/2025 | Books | |||||
| Library of Congress Classification | Non-fiction | Law Library (Christ Temple) | Law Library (Christ Temple) | General stacks | 02/17/2025 | KD2968.N8N87 NUR | LLCT00000422 | 02/17/2025 | 5 | 02/17/2025 | Books | |||||
| Library of Congress Classification | Non-fiction | Law Library (Miotso) | Law Library (Miotso) | General stacks | 11/01/2024 | KD2968.N8N87 NUR | llm00000538 | 11/01/2024 | 1 | 11/01/2024 | Books | |||||
| Library of Congress Classification | Non-fiction | Law Library (Miotso) | Law Library (Miotso) | General stacks | 11/01/2024 | KD2968.N8N87 NUR | llm00000539 | 11/01/2024 | 2 | 11/01/2024 | Books | |||||
| Library of Congress Classification | Non-fiction | Law Library (Miotso) | Law Library (Miotso) | General stacks | 11/01/2024 | KD2968.N8N87 NUR | llm00000540 | 11/01/2024 | 3 | 11/01/2024 | Books |